Risk analysis of six potentially hazardous industrial objects in the Rijnmond area, a pilot study : a report to the Rijnmond Public Authority.

Guardado en:
Autores Corporativos: Openbaar Lichaam Rijnmond., COVO Steering Committee (Netherlands)
Formato: Libro
Idioma:English
Publicado: Dordrecht, Holland : Hingham, MA : Reidel ; sold and distributed in the U.S.A. and Canada by Kluwer Boston, c1982.
Materias:
Etiquetas: Agregar Etiqueta
Sin Etiquetas, Sea el primero en etiquetar este registro!
LEADER 01219cam a22002775a 4500
001 EIQ.libpla003001
008 820209s1982####ne#a#####b####001#0#eng#d
005 20071001193749.0
245 0 0 |a Risk analysis of six potentially hazardous industrial objects in the Rijnmond area, a pilot study :  |b a report to the Rijnmond Public Authority. 
260 |a Dordrecht, Holland :  |b Reidel ;  |a Hingham, MA :  |b sold and distributed in the U.S.A. and Canada by Kluwer Boston,  |c c1982. 
300 |a 2 v. :  |b il. ;  |c 24 cm. 
500 |a Report presented by COVO Steering Committee. 
504 |a Incluye referencias bibliográficas e índice. 
020 |a 9027713936 
710 2 |a Openbaar Lichaam Rijnmond. 
710 2 |a COVO Steering Committee (Netherlands) 
043 |a e-ne--- 
082 0 0 |a 363.1/7/094923  |2 19 
650 4 |a Fábrica de productos químicos  |x Accidentes. 
650 4 |a Fábrica de productos químicos  |x Medidas de seguridad. 
650 0 |a Chemical plants  |x Accidents. 
650 0 |a Chemical plants  |x Safety measures. 
010 |a  82000556  
040 |a DLC  |c DLC  |d AR-BbSID 
859 |a AR-BbSID  |b BIB. PLAPIQUI  |h 620.86  |i R 35  |p 2151  |v Vol. 1  |3 Vol. 1 
859 |a AR-BbSID  |b BIB. PLAPIQUI  |h 620.86  |i R 35  |p 2152  |v Vol. 2  |3 Vol. 2